| 000 | 00740cam8a220022900 4500 | ||
|---|---|---|---|
| 001 | lce00565715 | ||
| 008 | 851223s1963 ilua b 000 0 eng | ||
| 010 | _a 63013423 /L/r85 | ||
| 035 | _a(Sirsi) r65777 | ||
| 035 | _a(DLC) 63013423 /L/r85 | ||
| 035 | _a(UPRA)lce00565715 | ||
| 040 |
_aDLC/ICU _cICU _dUPRA |
||
| 050 | 0 |
_aQP535.M4 _bA4 |
|
| 082 | 0 | _a612.015 | |
| 100 | 1 |
_aAikawa, Jerry Kazuo, 1921- _dAikawa, Jerry Kazuo, 1921- _6A26010.1 |
|
| 245 | 1 | 4 | _aThe role of magnesium in biologic processes. |
| 260 |
_aSpringfield, IL : _bC.C. Thomas, _c[1963] |
||
| 504 | _aIncludes bibliographical references. | ||
| 650 | 0 |
_aMagnesium in the body. _6S18767.1 |
|
| 949 |
_aQP535.M4 _wLC _i-87906 _mMEDICAL _tBOOK _lON-SHELF |
||
| 004 | 65777 | ||
| 999 |
_c53202 _d53202 |
||